000 00620cab a2200217 4500
001 ABS41381
008 090401t1989 xxu||||| |||| 00| 0 eng d
035 _a(Sirsi) u29817
041 _aeng
100 _aGardner, J.
245 _aSmoke control
260 _c1989
350 _a0
490 _aBuilding Today
_v198(5825) 28 September 1989, 42-43(2)
520 _aReviews recommendations of a new BRE report on safety design in the event of fire in shopping centres .
650 _aVENTILATION
690 _aBUILT ENVIRONMENT-BUILDING STANDARDS
700 _aMorgan, H.
942 _n0
948 _c04/03/1997
999 _c20056
_d20056